MARC

LEADER 00000nam0a2200000 4500
001 13530
005 20231101204908.0
010 |a 5277021337 
035 |a (RuTPU)RU\TPU\book\13612 
035 |a BOOK00013681 
090 |a 13530 
100 |a 20011209d1999 m y0rusy50 ca 
101 0 |a rus 
102 |a RU 
105 |a y j 000zy 
200 1 |a Безопасность жизнедеятельности на транспорте  |e учебник  |f Ю. В. Буралев, Е. И. Павлова 
210 |a Москва  |c Транспорт  |d 1999 
215 |a 200 с. 
606 1 |a Автотранспорт  |x Техника безопасности  |2 stltpush  |3 (RuTPU)RU\TPU\subj\1397  |9 30181 
610 1 |a транспорт 
610 1 |a безопасность жизнедеятельности 
610 1 |a охрана труда 
610 1 |a опасность 
610 1 |a чрезвычайные ситуации 
610 1 |a причины 
610 1 |a классификация 
610 1 |a терроризм 
610 1 |a учебные пособия 
675 |a 656.13:658.382(075.8)  |v 3 
700 1 |a Буралев  |b Ю. В.  |g Юлий Васильевич 
701 1 |a Павлова  |b Е. И.  |g Елена Ивановна 
801 0 |a RU  |b 63413507  |c 20011209  |g PSBO 
801 2 |a RU  |b 63413507  |c 20170315  |g PSBO 
942 |c BK